Los regímenes matrimoniales en derecho comparado /
Saved in:
| Main Author: | |
|---|---|
| Format: | Book |
| Language: | Spanish |
| Published: |
Montevideo :
[s.n.],
1958.
|
| Series: | Cuadernos del Centro de Estudios de Derecho Comparado ;
3 |
| Subjects: | |
| Tags: |
Add Tag
No Tags, Be the first to tag this record!
|
| LEADER | 00638nam a2200217Ia 4500 | ||
|---|---|---|---|
| 001 | 005302872-4 | ||
| 005 | 20020606095253.2 | ||
| 008 | 880116s1958 uy 001 0 spa | ||
| 010 | |a 59021521 | ||
| 035 | 0 | |a ocm17354961 | |
| 040 | |a DLC |c LRL |d HVL | ||
| 090 | |a K675 |b V39 | ||
| 100 | 2 | |a Vaz Ferreira, Eduardo. | |
| 245 | 1 | 4 | |a Los regímenes matrimoniales en derecho comparado / |c Eduardo Vaz Ferreira. |
| 260 | |a Montevideo : |b [s.n.], |c 1958. | ||
| 300 | |a 66 p. ; |c 24 cm. | ||
| 490 | 0 | |a Cuadernos del Centro de Estudios de Derecho Comparado ; |v 3 | |
| 500 | |a Includes index. | ||
| 650 | 0 | |a Husband and wife. | |
| 988 | |a 20020608 | ||
| 906 | |0 DLC | ||


